000 00430nam a22001697a 4500
008 180910b xxu||||| |||| 00| | tur d
020 _a975342213X
041 _atur
050 _aPL248.A757
100 _aArkan, Hüsnü
_91282
245 _aÖlü Kelebeklerin Dansı
250 _a1. baskı
260 _aİstanbul
_bMetis Yayınları
_cEkim 1998
300 _a143 sayfa
650 0 _9145
_aTürk Edebiyatı
942 _2lcc
_cBK
999 _c2471
_d2430